000 00665cam a22002172 4500
001 0000020615
005 20151217152218.0
008 110927s xx 000 0 eng d
020 _a0470714331 :
040 _aKABU
_cKABU
245 1 0 _aWind energy generation :
_bmodelling and control. /
_cOlimpo Anaya-Lara ... [et al.].
250 _a1st ed.
260 _aChichester, UK :
_bJohn Wiley,
_c2009.
300 _axvii, 269 p.
650 0 _aWind power.
_@0000171076
650 0 _aWind turbines.
_@0000181021
650 0 _aSynchronous generators.
_@0000181022
852 1 _9p6875 KES
908 _a110927
950 _@1
999 _c9417
_d9417